000 01511cam a22003734a 4500
001 12723975
005 20161015143446.0
008 020329s2003 paua b 001 0 eng
010 _a 2002141573
020 _a0-7817-3511-4 (alk. paper)
035 _a(DNLM)101141946
040 _aDNLM/DLC
_cDLC
_dDLC
042 _apcc
050 0 0 _aRC76
_b.B38 2003
060 1 0 _aWB 205
_bB583b 2003
082 0 0 _aDC 616.0754
_22003
_bB47b
100 1 _aBickley, Lynn S.
245 1 0 _aBates' guide to physical examination and history taking/
_cLynn S. Bickley. Peter G. Szilagyi.
250 _aEighth Edition
260 _aPhiladelphia :
_bLippincott Williams & Wilkins,
_cc2003.
300 _axxiii, 862 pages :
_bcolor illustrations ;
_c29 cm.
504 _aIncludes bibliographical references (p. 803-823) and index.
538 _aSystem requirements: Windows 98, NT, or 2000 with 16 MB RAM; 8x CD-ROM drive, video card capable of 256 colors, and compliant sound card or Macintosh.
650 0 _aPhysical diagnosis.
650 0 _aMedical history taking.
650 1 2 _aPhysical Examination
_xmethods.
650 2 2 _aMedical History Taking
_xmethods.
700 1 _aSzilagyi, Peter G.
856 4 2 _3Publisher description
_uhttp://www.loc.gov/catdir/enhancements/fy0807/2002141573-d.html
365 _b3,150.00
_cPhp
906 _a7
_bcbc
_corignew
_d1
_eocip
_f20
_gy-gencatlg
942 _2ddc
_cDC
999 _c5263
_d5263